Kapitálový fond z príspevkov

Tvorba kapitálového fondu z príspevkov. Kapitálové fondy z účtovného hľadiska. Kapitálový fond a dane z príjmov.

Salvato in:
Dettagli Bibliografici
Autore principale: Drozd, Marián
Natura: Capitolo di libro
Lingua:slovacco
Soggetti:
Tags: Aggiungi Tag
Nessun Tag, puoi essere il primo ad aggiungerne!!

MARC

LEADER 00000naa a2200000 4500
001 0257674
005 20250228130142.1
041 0 |a slo 
044 |a SK 
245 1 0 |a Kapitálový fond z príspevkov  |c Marián Drozd 
520 |a Tvorba kapitálového fondu z príspevkov. Kapitálové fondy z účtovného hľadiska. Kapitálový fond a dane z príjmov. 
610 2 0 |a kapitál 
610 2 0 |a fondy kapitálové 
610 2 0 |a vklady 
610 2 0 |a účtovanie 
610 2 0 |a účtovníctvo 
610 2 0 |a spoločnosti akciové 
610 2 0 |a spoločnosti s r.o. 
610 2 0 |a dane z príjmov 
610 2 0 |a osoby fyzické 
610 2 0 |a osoby právnické 
610 2 0 |a legislatíva 
100 1 |a Drozd, Marián